Every Joker in Balatro - Statistics

General Stats
  • This quiz has been taken 282 times
  • The average score is 102 of 150
Answer Stats
Hint Answer % Correct
<font color="red">+4</font> <b>Mult</b> Joker
98%
+2 Chips for each remaining card in deck Blue Joker
90%
Go up to -$20 in debt Credit Card
87%
Earn $4 at end of round Golden Joker
87%
Copies ability of Joker to the right Blueprint
86%
Gains $3 of sell value at end of round Egg
85%
Retrigger all card held in hand abilities Mime
84%
First played face card gives X2 Mult when scored Photograph
84%
+15 Mult | 1 in 6 chance this is destroyed at the end of round Gros Michel
83%
Retrigger first played card used in scoring 2 additional times Hanging Chad
83%
23 Mult Misprint
83%
+100 Chips | -5 Chips for every hand played Ice Cream
82%
+20 Mult | -4 Mult per round played Popcorn
82%
Gives +25 Chips for each Stone Card in your full deck Stone Joker
82%
Each King held in hand gives X1.5 Mult Baron
81%
X3 Mult | 1 in 1000 chance this card is destroyed at the end of round Cavendish
81%
If first hand of round has only 1 card, add a permanent copy to deck and draw it to hand DNA
81%
Played cards with even rank give +4 Mult when scored Even Steven
81%
Played cards with odd rank give +31 Chips when scored Odd Todd
81%
Gives X0.2 Mult for each Steel Card in your full deck Steel Joker
81%
This Joker gains X0.75 Mult for every Glass Card that is destroyed Glass Joker
80%
Creates a Negative copy of 1 random consumable card in your possession at the end of the shop Perkeo
80%
This Joker gains +3 Mult when any Booster Pack is skipped Red Card
80%
+2 Chips for each $1 you have Bull
79%
Earn $1 for each 9 in your full deck at end of round Cloud 9
79%
+1 Mult per hand played | -1 Mult per discard Green Joker
79%
+10 Mult if played hand contains a Two Pair Mad Joker
79%
X2 Mult, loses X0.01 Mult per card discarded Ramen
79%
This Joker gains +4 Chips if played hand has exactly 4 cards Square Joker
79%
Copies the ability of leftmost Joker Brainstorm
78%
All Flushes and Straights can be made with 4 cards Four Fingers
78%
Retrigger each played 2, 3, 4, or 5 Hack
78%
Every played card permanently gains +5 Chips when scored Hiker
78%
After 2 rounds, sell this card to Duplicate a random Joker Invisible Joker
78%
X1 Mult for each empty Joker slot. ________ included Joker Stencil
78%
Played cards with ♥ Heart suit give +3 Mult when scored Lusty Joker
78%
This Joker gains X0.1 Mult per scoring Enhanced card played, removes card Enhancement Vampire
78%
Uncommon Jokers each give X1.5 Mult Baseball Card
77%
Each played Ace, 2, 3, 5, or 8 gives +8 Mult when scored Fibonacci
77%
This Joker gains X0.25 Mult every time a Lucky card successfully triggers Lucky Cat
77%
Doubles all listed probabilities Oops! All 6s
77%
Joker, Tarot, Planet, and Spectral cards may appear multiple times Showman
77%
1 in 4 chance to upgrade level of played poker hand Space Joker
77%
1 in 4 chance for each played 8 to create a Tarot card when scored 8 Ball
76%
Earn $1 at end of round. Payout increases by $2 when Boss Blind in defeated Rocket
76%
Upgrade the level of the first discarded poker hand each round Burnt Joker
75%
Played cards with ◆ Diamond suit give +3 Mult when scored Greedy Joker
75%
Played face cards gives +30 Chips when scored Scary Face
75%
Every played card counts in scoring Splash
75%
Each played 10 or 4 gives +10 Chips and +4 Mult when scored Walkie Talkie
75%
+3 Mult for each Joker card Abstract Joker
74%
This Joker gains X0.25 Mult for each card sold, resets when Boss Blind is defeated Campfire
74%
Prevents Death if chips scored are at least 25% of required chips | self destructs Mr. Bones
74%
1 in 2 chance for played cards with ♥ Heart suit to give X1.5 Mult when scored Bloodstone
73%
Disables effect of every Boss Blind Chicot
73%
Retrigger all played cards in final hand of the round Dusk
73%
When Small Blind or Big Blind is selected, gain X0.5 Mult and destroy a random Joker Madness
73%
This Joker gains +1 Mult per consecutive hand played without a scoring face card Ride the Bus
73%
If first discard of round has only 1 card, destroy it and earn $3 Trading Card
73%
This Joker gains +8 Chips when each played 2 is scored Wee Joker
73%
X3 Mult if all cards held in hand are ♠ Spades or ♣ Clubs Blackboard
72%
This Joker gains X1 Mult when a face card is destroyed Canio
72%
This Joker gains +3 Chips per discarded [suit] card, suit changes every round Castle
72%
X3 Mult if you have at least 16 Enhanced cards in your full deck Driver's License
72%
When Blind is selected, create 2 Common Jokers Riff-Raff
72%
Retrigger all played face cards Sock and Buskin
72%
Earn an extra $1 of interest for every $5 you have at end of round To the Moon
72%
This Joker gains X0.1 Mult every time a Planet card is used Constellation
71%
+20 Mult if played hand contains 3 or fewer cards Half Joker
71%
Adds double the rank of lowest ranked card held in hand to Mult Raised Fist
71%
Played face cards give +5 Mult when scored Smiley Face
71%
+250 Chips, -2 hand size Stuntman
71%
X4 Mult if played hand contains a Four of a Kind The Family
71%
This Joker gains X0.5 Mult for every Jack discarded this round Hit the Road
70%
Sell this card to disable the current Boss Blind Luchador
70%
All played face cards become Gold cards when scored Midas Mask
70%
Gains +15 Chips if played hand contains a Straight Runner
70%
Allows Straights to be made with gaps of 1 rank Shortcut
70%
Adds the sell value of all other owned Jokers to Mult Swashbuckler
70%
X2 Mult if played hand contains a Pair The Duo
70%
Earn $4 if poker hand is a [Poker Hand], poker hand changes at end of round To Do List
70%
Played Kings and Queens each give X2 Mult when scored Triboulet
70%
Create a Tarot card if hand is played with $4 or less Vagabond
70%
This Joker gains X1 Mult every 23 cards discarded Yorick
70%
Sell this card to create a free Double Tag Diet Cola
69%
+4 Mult for each card below [the deck's starting size] in your full deck Erosion
69%
Earn $5 if 3 or more face cards are discarded at the same time Faceless Joker
69%
This Joker gains X0.25 Mult every time a playing card is added to your deck Hologram
69%
This Joker gains X0.2 Mult per consecutive hand played without playing your most played poker hand Obelisk
69%
X3 Mult if played hand contains a Three of a Kind The Trio
69%
Played Gold cards earn $4 when scored Golden Ticket
68%
Adds the number of times poker hand has been played this run to Mult Supernova
68%
+30 Chips for each remaining discard Banner
67%
Played face cards have a 1 in 2 chance to give $2 when scored Business Card
67%
Played Aces give +20 Chips and +4 Mult when scored Scholar
67%
Retrigger all cards played for the next 10 hands Seltzer
67%
When Blind is selected, gain +3 Hands and lose all discards Burglar
66%
Earn $2 per discard if no discards are used by the end of the round Delayed Gratification
66%
Add $1 of sell value to every Joker and Consumable card at end of round Gift Card
66%
+1 hand size Juggler
66%
♥ Hearts and ♦ Diamonds count as the same suit, ♠ Spades and ♣ Clubs count as the same suit Smeared Joker
66%
Create a Tarot card if poker hand contains an Ace and a Straight Superposition
66%
Each played [rank] of [suit] gives X2 Mult when scored | Card changes every round The Idol
66%
Each played card with [suit] gives X1.5 Suit when scored, suit changes at end of round Ancient Joker
64%
X3 Mult if poker hand contains a ♦ Diamond card, ♣ Club card, ♥ Heart card, and ♠ Spade card Flower Pot
64%
Earn $8 if played hand triggers the Boss Blind ability Matador
64%
Each Queen held in hand gives +13 Mult Shoot the Moon
64%
Played cards with ♠ Spade suit give +3 Mult when scored Wrathful Joker
64%
X3 Mult on final hand of round Acrobat
63%
X3 Mult if played poker hand has already been played this round Card Sharp
63%
When round begins, add a random playing card with a random seal to your hand Certificate
63%
1 free Reroll per shop Chaos the Clown
62%
Earn $5 for each discarded [rank], rank changes every round Mail-In Rebate
62%
If poker hand is a Straight Flush, create a random Spectral card Séance
62%
Played cards with ♠ Spade suit give +50 Chips when scored Arrowhead
61%
When Blind is selected, destroy Joker to the right and permanently add double its sell value to this Mult Ceremonial Dagger
61%
+1 discard each round Drunkard
61%
Played cards with ♣ Club suit give +3 Mult when scored Gluttonous Joker
61%
All cards are considered face cards Pareidolia
61%
X4 Mult every 6 hands played Loyalty Card
60%
Earn $1 at end of round per unique Planet card used this run Satellite
60%
X2 Mult if played hand contains a Flush The Tribe
60%
+5 hand size, reduces by 1 each round Turtle Bean
60%
X0.25 Mult for each Blind skipped this run Throwback
59%
+2 Mult for every $5 you have Bootstraps
58%
1 in 2 chance to create a Tarot card when any Booster Pack is opened Hallucination
58%
Adds one Stone card to the deck when Blind is selected Marble Joker
58%
If first hand of round is a single 6, destroy it and create a Spectral card Sixth Sense
58%
This Joker gains +2 Mult if played hand contains a Two Pair Spare Trousers
58%
+1 Mult per Tarot card used this run Fortune Teller
57%
+15 Mult when 0 discards remaining Mystic Summit
55%
Each face card held in hand has a 1 in 2 chance to give $1 Reserved Parking
55%
All Planet cards and Celestial Packs in the shop are free Astronomer
54%
X3 Mult if played hand contains a Straight The Order
52%
Create a Tarot card when Blind is selected Cartomancer
51%
+12 Mult if played hand contains a Straight Crazy Joker
51%
This Joker gains +2 Mult per reroll in the shop Flash Card
50%
+3 discards each round, -1 hand size Merry Andy
50%
Played card with ♣ Club suit give +7 Mult when scored Onyx Agate
50%
X2 Mult if played hand has a scoring ♣ Club card and a scoring card of any other suit Seeing Double
48%
+2 hand size, -1 hand per round Troubadour
48%
Played cards with ♦ Diamond suit earn $1 when scored Rough Gem
43%
+12 Mult if played hand contains a Three of a Kind Zany Joker
43%
+8 Mult if played hand contains a Pair Jolly Joker
42%
+10 Mult if played hand contains a Flush Droll Joker
36%
+50 Chips if played hand contains a Pair Sly Joker
34%
+80 Chips if played hand contains a Flush Crafty Joker
30%
+100 Chips if played hand contains a Three of a Kind Wily Joker
29%
+100 Chips if played hand contains a Straight Devious Joker
25%
+80 Chips if played hand contains a Two Pair Clever Joker
20%
No matching quizzes found
Score Distribution
Percent of People with Each Score
Percentile by Number Answered
Your Score History
You have not taken this quiz